Statistiques concernant Calcul mental instantané #7

Cliquez ici pour prendre le quiz!

Statistiques générales

  • Ce quiz a été pris 1 313 fois
  • Le résultat moyen est 8 sur 10

Statistiques - réponses

#OpérationsRéponses% Correct
10,75 + 0,35 - 0,101
100%
2x 22
100%
4x 424
100%
3x 36
100%
5x 5120
99%
6x 6720
97%
7x 75040
79%
8x 840320
64%
9x 9362880
31%
10x 103628800
28%

Distribution des résultats

Percentile par nombre de réponses

% des personnes avec chaque résultat

Votre développement - résultats

Vous n’avez pas pris ce quiz